| 000 | 00543nam a22001817a 4500 | ||
|---|---|---|---|
| 999 |
_c6948 _d6948 |
||
| 003 | DO-SdBJH | ||
| 005 | 20220811210715.0 | ||
| 008 | 220811b ||||| |||| 00| 0 spa d | ||
| 040 |
_aDO-SdBJH _bspa _cDO-SdBJH |
||
| 082 |
_aRD001.4 _bP438e |
||
| 100 | _aPerez P. Victor | ||
| 245 | _aEstadistica Descriptiva | ||
| 260 |
_aSanto Domingo _bSoto Castillo _c2005 |
||
| 300 | _a134 Paginas | ||
| 504 | _aIncluye Portada, Imagen a color, Grafico, Incluye Índice, Biografía del Autor y Bibliografía | ||
| 650 | _aEstadística | ||
| 942 |
_2ddc _cBK |
||